| 000 | 01004nam a2200265 a 4500 | ||
|---|---|---|---|
| 001 | C01355881c-0 | ||
| 003 | CO-ViMGA | ||
| 005 | 20230915234404.0 | ||
| 008 | 120803s2012 ck a gr 00010cspa d | ||
| 020 | _a9789587600155 | ||
| 040 |
_aCO-ViMGA _bspa _cCO-ViMGA |
||
| 043 | _as-ck--- | ||
| 082 | 0 | 4 |
_aFr306.85 _bV49f _221 |
| 100 | 1 |
_aVizcaíno Gutiérrez, Milcíades. _97740 |
|
| 245 | 1 | 0 |
_aLas familias en Villavicencio : _bsu travesía por la modernidad / _cMilcíades Vizcaíno Gutiérrez. |
| 260 |
_aBogotá : _bUniversidad Cooperativa de Colombia. Sede Villavicencio, _c2012. |
||
| 300 |
_a526 páginas : _bilustraciones ; _c24 cm. |
||
| 504 | _aIncluye referencias bibliográficas (páginas 481-526) | ||
| 650 | 1 | 4 |
_aEstructura social. _97743 |
| 650 | 1 | 4 |
_aFamilia _x Aspectos sociales _z Villavicencio (Colombia) _97744 |
| 650 | 1 | 4 |
_aFamilia _z Villavicencio (Colombia) _97741 |
| 650 | 1 | 4 |
_aModernidad _z Villavicencio (Colombia) _97742 |
| 650 | 1 | 4 |
_aVida familiar. _97745 |
| 942 |
_2ddc _cBK |
||
| 999 |
_c10588 _d10588 |
||